Món ăn chữa bệnh

Sách cung cấp các kỹ thuật và phương pháp chế biến món ăn thuốc từ nguyên liệu thuốc và nguyên liệu thực phẩm để chữa bệnh. Đây là vốn quý trong kho báu của nền y học Trung Quốc - chữa bệnh bằng ăn uống...

全面介紹

Đã lưu trong:
書目詳細資料
主要作者: Tào Khắc Lan
格式: 圖書
語言:Undetermined
出版: Tp. HCM Phụ nữ 1997
主題:
標簽: 添加標簽
沒有標簽, 成為第一個標記此記錄!
Thư viện lưu trữ: Trung tâm Học liệu Trường Đại học Cần Thơ
LEADER 00865nam a2200205Ia 4500
001 CTU_17151
008 210402s9999 xx 000 0 und d
020 |b 9000đ 
082 |a 615.882 
082 |b L105 
100 |a Tào Khắc Lan 
245 0 |a Món ăn chữa bệnh 
245 0 |c Tào Khắc Lan 
260 |a Tp. HCM 
260 |b Phụ nữ 
260 |c 1997 
520 |a Sách cung cấp các kỹ thuật và phương pháp chế biến món ăn thuốc từ nguyên liệu thuốc và nguyên liệu thực phẩm để chữa bệnh. Đây là vốn quý trong kho báu của nền y học Trung Quốc - chữa bệnh bằng ăn uống 
650 |a diet-kitchens,nutrition - dietetics 
904 |i Minh, 970714 
980 |a Trung tâm Học liệu Trường Đại học Cần Thơ